000 00706nam a2200217 a 4500
999 _c10558
_d10558
001 10558
003 BD-JhCC
005 20220519134021.0
008 180710s2015 bg |||| |||| 000 0 ben d
020 _a9789849118060
035 _a(BD-JhCC)10558
040 _aBD-JhCC
_dBD-JhCC
041 _aben
082 _a891.4435
_bKAU 2015
100 _aকাউসার, মহিউদ্দিন
245 _aক্যাডেট রস মেডিকেল রস /
_cমহিউদ্দিন কাউসার
260 _aঢাকা :
_bরূপ প্রকাশন,
_c২০১৫.
300 _a৭৪ পৃ. :
_c২০ সেমি.
650 _aBengali Comics
942 _2ddc
_cBK
_03